00541nam a2200157Ia 4500008004100000100001600041245007100057245006100128260003400189260000900223300003100232500001400263650001500277999001900292952007200311170224s9999 xx 000 0 und d aRoss Gordon aSocial marketing: the state of play and brokering the way forward  cRoss Gordon, Rebekah Russell-Bennett & R. Craig Lefebvre bJournal of Marketing Research c2016 a32:11-12, Pages: 1059-1082 aSeptember xMarketing. c315982d315982 001040aCLbCLd2017-02-24l0r2017-02-24 00:00:00w2017-02-24ySE